Handbook of construction management
Gespeichert in:
| 1. Verfasser: | |
|---|---|
| Format: | Buch |
| Sprache: | Englisch |
| Veröffentlicht: |
Trinity Press
2018
|
| Tags: |
Tag hinzufügen
Keine Tags, Fügen Sie den ersten Tag hinzu!
|
MARC
| LEADER | 00000nam a22000007a 4500 | ||
|---|---|---|---|
| 008 | 230919b |||||||| |||| 00| 0 eng d | ||
| 020 | |a 97893513805422 | ||
| 100 | |a JOY, P.K. | ||
| 245 | |a Handbook of construction management |c /P.K.Joy |g xvi, 484p;ill | ||
| 250 | |b 2nd | ||
| 260 | |b Trinity Press |c 2018 |h New Delhi |i 700500 |i 700502 |i 700503 |l HD9715.J84 |m Construction industry- India- Management | ||
| 500 | |a it include references and index | ||
| 942 | |a lcc |c BK |e Johnson |f 19/09/23 | ||
| 952 | |0 0 |1 0 |2 lcc |4 0 |6 HD9715 J84 |7 0 |9 4479 |a RF |b HOL |c GJ |d 2023-09-19 |l 0 |o HD9715.J84 |p 2023-0400 |r 2023-09-19 00:00:00 |t 700500 |w 2023-09-19 |y BK | ||
| 952 | |0 0 |1 0 |2 lcc |4 0 |6 HD9715 J84 |7 0 |9 4480 |a RF |b HOL |c GJ |d 2023-09-19 |l 0 |o HD9715.J84 |p 2023-0401 |r 2023-09-19 00:00:00 |t 700501 |w 2023-09-19 |y BK | ||
| 952 | |0 0 |1 0 |2 lcc |4 0 |6 HD9715 J84 |7 0 |9 4481 |a HOL |b HOL |c GJ |d 2023-09-19 |l 0 |o HD9715.J84 |p 2023-0402 |r 2023-09-19 00:00:00 |t 700502 |w 2023-09-19 |y BK | ||
| 999 | |c 2245 |d 2245 | ||